000
00285 a2200121 4500
001
32863
082
_a
670.423 MOL
090
_c
22036
_d
22036
100
_a
Moltrecht,K.H
245
_a
Machine Shop Practice, 2/e, Vol. 1
250
_a
2
260
_a
NY
_b
Industrial Press Inc
_c
1981
942
_a
NUST-CAE
_k
670.423 MOL
999
_c
267936
_d
267936